<?xml version="1.0" encoding="UTF-8"?>
<record
    xmlns:xsi="http://www.w3.org/2001/XMLSchema-instance"
    xsi:schemaLocation="http://www.loc.gov/MARC21/slim http://www.loc.gov/standards/marcxml/schema/MARC21slim.xsd"
    xmlns="http://www.loc.gov/MARC21/slim">

  <leader>01861nam a22002297a 4500</leader>
  <controlfield tag="005">20240701162155.0</controlfield>
  <controlfield tag="008">240701b           ||||| |||| 00| 0 eng d</controlfield>
  <datafield tag="020" ind1=" " ind2=" ">
    <subfield code="a">9788179928141</subfield>
  </datafield>
  <datafield tag="040" ind1=" " ind2=" ">
    <subfield code="c">AL</subfield>
  </datafield>
  <datafield tag="041" ind1=" " ind2=" ">
    <subfield code="a">English</subfield>
  </datafield>
  <datafield tag="082" ind1=" " ind2=" ">
    <subfield code="2">23</subfield>
    <subfield code="a">158.1</subfield>
    <subfield code="b">SHAG</subfield>
  </datafield>
  <datafield tag="100" ind1=" " ind2=" ">
    <subfield code="a">Robin Sharma</subfield>
    <subfield code="9">172115</subfield>
  </datafield>
  <datafield tag="245" ind1=" " ind2=" ">
    <subfield code="a">Greatness Guide Two: Maximize Your Gifts Become a Legend</subfield>
  </datafield>
  <datafield tag="260" ind1=" " ind2=" ">
    <subfield code="a">Ahmedabad</subfield>
    <subfield code="b">Jaico Publishing House</subfield>
    <subfield code="c">2020</subfield>
  </datafield>
  <datafield tag="300" ind1=" " ind2=" ">
    <subfield code="a">203 p.</subfield>
    <subfield code="b">PB</subfield>
    <subfield code="c">21.7x14 cm.</subfield>
  </datafield>
  <datafield tag="365" ind1=" " ind2=" ">
    <subfield code="a">593</subfield>
    <subfield code="b">&#x20B9;239.00</subfield>
    <subfield code="c">&#x20B9;</subfield>
    <subfield code="d">&#x20B9;299.00</subfield>
    <subfield code="e">20%</subfield>
    <subfield code="f">03-05-2024</subfield>
  </datafield>
  <datafield tag="520" ind1=" " ind2=" ">
    <subfield code="a">In this highly anticipated sequel to the international bestseller The Greatness Guide, Robin Sharma shares the remarkable insights and tools that have made him one of the world&#x2019;s most trusted advisers on leadership and personal success. Compelling, engaging and truly unforgettable, this powerful guide will help you:
Get to world-class at work and in life
Learn how the best create stunning success
Find the inspiration, passion and enthusiasm you need to become extraordinary
Discover happiness and have more fun
Get through hard times with courage and grace
Simplify your professional and personal life
Within the pages of The Greatness Guide 2, you will receive uncommon advice that will excite, energize and elevate you, including &#x201C;Be So Good They Can&#x2019;t Ignore You,&#x201D; &#x201C;Ask to Get,&#x201D; &#x201C;Fail Faster,&#x201D; &#x201C;Be a Cool Brand&#x201D; and &#x201C;Live an Intense Life.&#x201D;
Part manifesto for excellence, part business mastery manual and part inspirational companion, The Greatness Guide 2 distills Robin Sharma&#x2019;s thinking into 101 simple yet powerful lessons that will help you work brilliantly and live beautifully.

Getting to world-class begins with a single step. Start today.</subfield>
  </datafield>
  <datafield tag="650" ind1=" " ind2=" ">
    <subfield code="a">Applied Psychology</subfield>
    <subfield code="9">172116</subfield>
  </datafield>
  <datafield tag="650" ind1=" " ind2=" ">
    <subfield code="a">Self-Help</subfield>
    <subfield code="9">172117</subfield>
  </datafield>
  <datafield tag="700" ind1=" " ind2=" ">
    <subfield code="a">SHARMA (Robin)</subfield>
    <subfield code="9">172118</subfield>
  </datafield>
  <datafield tag="942" ind1=" " ind2=" ">
    <subfield code="2">ddc</subfield>
    <subfield code="c">BK</subfield>
  </datafield>
  <datafield tag="999" ind1=" " ind2=" ">
    <subfield code="c">231342</subfield>
    <subfield code="d">231342</subfield>
  </datafield>
  <datafield tag="952" ind1=" " ind2=" ">
    <subfield code="0">0</subfield>
    <subfield code="1">0</subfield>
    <subfield code="2">ddc</subfield>
    <subfield code="4">0</subfield>
    <subfield code="7">0</subfield>
    <subfield code="8">PSY</subfield>
    <subfield code="a">AL</subfield>
    <subfield code="b">AL</subfield>
    <subfield code="d">2024-05-14</subfield>
    <subfield code="e">Biblios Book Point Surathkal Mangalore 575014</subfield>
    <subfield code="g">239.00</subfield>
    <subfield code="l">0</subfield>
    <subfield code="o">158.1 SHAG</subfield>
    <subfield code="p">077205</subfield>
    <subfield code="r">2024-07-01 00:00:00</subfield>
    <subfield code="v">299.00</subfield>
    <subfield code="w">2024-07-01</subfield>
    <subfield code="y">BK</subfield>
  </datafield>
</record>
